MARC

LEADER 00000cam a2200000 7i4500
001 0000023627
005 20111110.0
008 111013 my a f may
040 |a INS 
090 0 0 |a M304 
110 1 |a Bengkel kualiti teknikal ,   |d 2011 28 - 31 Mac   |c INSPEN, Bangi 
245 0 0 |a Bengkel kualiti teknikal :   |b 28 - 31 Mac 2011   |c Anjuran Pusat Penilaian dan Perkhidmatan Harta, INSPEN 
260 |a Bangi :   |b Institut Penilaian Negara ,   |c 2011 
300 |a 1 v. ( Mukasurat pelbagai ) :   |b ill. ;   |c 30 cm. 
650 0 0 |a Quality Control   |x Standards 
710 1 |a INSPEN ( Institut Penilaian Negara ) 
856 |u http://app.inspen.gov.my:7779/pls/portal/docs/PAGE/CORPORATEPAGES/PORTAL_INSPEN/NOTA_KURSUS/MANAGEMENT/INSPEN%20030%20BENGKEL%20KUALITI%20TEKNIKAL%20FINAL.PDF 
999 |a M000000706   |b BOOK   |c Course Notes   |e Default branch 
999 |a M000000707   |b BOOK   |c Course Notes   |e Default branch 
999 |a M000000708   |b BOOK   |c Course Notes   |e Default branch